| 000 | 00000nam 2200000zi 4500 |
| 001 | 9.898989 |
| 003 | CaOODSP |
| 005 | 20240725153331 |
| 006 | m o d f |
| 007 | cr |n||||||||| |
| 008 | 210421e198503 oncad ob f000 0|eng d |
| 040 | |aCaOODSP|beng|erda|cCaOODSP |
| 043 | |an-cn--- |
| 086 | 1 |aC23-275/1985E-PDF |
| 245 | 00|aManaging in difficult times : |ba report on the architectural profession in Canada / |cby Peter Barnard Associates. |
| 264 | 1|a[Ottawa] : |bGovernment of Canada, Regional Industrial Expansion = Gouvernement du Canada, Expansion industrielle régionale, |cMarch 1985. |
| 300 | |a1 online resource (1 volume (various pagings)) : |billustrations, charts |
| 336 | |atext|btxt|2rdacontent |
| 337 | |acomputer|bc|2rdamedia |
| 338 | |aonline resource|bcr|2rdacarrier |
| 500 | |aDigitized edition from print [produced by Innovation, Science and Economic Development Canada]. |
| 500 | |aIssued also in French under title: L'architecture en période difficile : rapport sur la profession d'architecture au Canada. |
| 504 | |aIncludes bibliographical references. |
| 650 | 0|aArchitects|zCanada. |
| 710 | 1 |aCanada. |bDepartment of Regional Industrial Expansion, |eissuing body. |
| 710 | 2 |aPeter Barnard Associates, |eauthor, |eissuing body. |
| 775 | 08|tL'architecture en période difficile : |w(CaOODSP)9.941081 |
| 856 | 40|qPDF|s288 MB|uhttps://publications.gc.ca/collections/collection_2024/isde-ised/c23/C23-275-1985-eng.pdf |